| 000 | 00599nam a2200217 a 4500 | ||
|---|---|---|---|
| 001 | 70033 | ||
| 003 | BD-RjUL | ||
| 005 | 20211209081946.0 | ||
| 008 | 170415s1964 ge ||||| |||| 001 0 eng d | ||
| 035 | _a(BD-RjUL)70245 | ||
| 040 |
_aBD-RjUL _beng _cBD-RjUL |
||
| 041 | _aeng | ||
| 082 |
_223 _a512 _bKUV 1964 |
||
| 100 |
_aKuros, A G _9207419 |
||
| 245 | 1 | 0 |
_aVorlesungen über allgemeine Algebra / _bVon A. G. Kuros |
| 260 |
_aLeipzig : _bB. G. Teubner Verlagsgesellschaft, _cc1964 |
||
| 300 |
_ax, 302 p. : _b21 cm |
||
| 500 | _aIncludes index | ||
| 650 |
_aAlgebră. _9207420 |
||
| 942 |
_2ddc _cBK |
||
| 999 |
_c70033 _d70033 |
||